Statistics for All-Time Greatest Michigan State University Men's Basketball Players

Click here to take the quiz!

General Stats

  • This quiz has been taken 47 times
  • The average score is 5 of 20

Answer Stats

Year Answer % Correct
1977-79Magic Johnson
100%
1996-00Mateen Cleaves
51%
1975-79Greg Kelser
46%
1987-91Steve Smith
46%
2000-01Zach Randolph
36%
1982-86Scott Skiles
33%
1995-00Morris Peterson
31%
2003-06Shannon Brown
31%
2008-12Draymond Green
26%
1999-01Jason Richardson
26%
2004-08Drew Neitzel
23%
1977-81Jay Vincent
23%
1990-95Shawn Respert
23%
2002-06Paul Davis
18%
1991-95Eric Snow
10%
2001-05Chris Hill
8%
1956-59Johnny Green
5%
1971-74Mike Robinson
5%
1957-60Horace Walker
3%
1953-56Julius McCoy
0%

Score Distribution

Percentile by Number Answered

Percent of People with Each Score

Your Score History

You have not taken this quiz